Normal view
MARC view
Entry Personal Name
001 - CONTROL NUMBER
- control field: 33132
003 - CONTROL NUMBER IDENTIFIER
- control field: dpl
005 - DATE AND TIME OF LATEST TRANSACTION
- control field: 20110819095826.0
008 - FIXED-LENGTH DATA ELEMENTS
- fixed length control field: 110819|||a|||||| | ||| d
040 ## - CATALOGING SOURCE
- Original cataloging agency: dpl
- Transcribing agency: dpl
100 ## - HEADING--PERSONAL NAME
- Personal name: प्रदीप पंडित
670 ## - SOURCE DATA FOUND
- Source citation: Work cat.: (dpl): प्रदीप पंडित, अब्राहम लिंकन /, 2011
670 ## - SOURCE DATA FOUND
- Source citation: Work cat.: (dpl): प्रदीप पंडित, अब्राहम लिंकन /, 2011
